000 00283nam a22001217a 4500
008 260225b ||||| |||| 00| 0 eng d
041 _ashqip
080 _a2.1
100 _a20.1
101 _ahistori
245 _aA narrative about war and freedom
_cBardh Hamzaj
942 _2udc
_cBK
999 _c60863
_d60863